Techonology entrepreneurship in theory and practice: (Record no. 1435464)

MARC details
000 -LEADER
fixed length control field 00919 a2200253 4500
005 - DATE AND TIME OF LATEST TRANSACTION
control field 20251208160252.0
008 - FIXED-LENGTH DATA ELEMENTS--GENERAL INFORMATION
fixed length control field 251208b |||||||| |||| 00| 0 eng d
020 ## - INTERNATIONAL STANDARD BOOK NUMBER
International Standard Book Number 9781032376639 (pbk)
037 ## - SOURCE OF ACQUISITION
Terms of availability TB
040 ## - CATALOGING SOURCE
Original cataloging agency CRL
Transcribing agency CRL
041 ## - LANGUAGE CODE
Source of code eng
Language code of text/sound track or separate title eng
084 ## - COLON CLASSIFICATION NUMBER
Classification number X:328 R5
Assigning agency CRL
245 ## - TITLE STATEMENT
Title Techonology entrepreneurship in theory and practice:
Remainder of title perspectives in science and engineering
260 ## - PUBLICATION, DISTRIBUTION, ETC.
Place of publication, distribution, etc. London, UK;
-- New York, USA:
Name of publisher, distributor, etc. Routledge,
Date of publication, distribution, etc. 2025.
300 ## - PHYSICAL DESCRIPTION
Extent ix, 192p.
365 ## - TRADE PRICE
Price amount 39.99
Currency code UKP
650 ## - SUBJECT ADDED ENTRY--TOPICAL TERM
Topical term or geographic name entry element Economics
9 (RLIN) 855296
650 ## - SUBJECT ADDED ENTRY--TOPICAL TERM
Topical term or geographic name entry element Entreprenurship
9 (RLIN) 855297
650 ## - SUBJECT ADDED ENTRY--TOPICAL TERM
Topical term or geographic name entry element Technology
9 (RLIN) 855298
700 ## - ADDED ENTRY--PERSONAL NAME
Personal name Munoz, J. Mark
Relator term editor.
9 (RLIN) 855299
700 ## - ADDED ENTRY--PERSONAL NAME
Personal name Terzidis, Orestis
Relator term editor.
9 (RLIN) 855300
942 ## - ADDED ENTRY ELEMENTS (KOHA)
Koha item type Textbook
Source of classification or shelving scheme Colon Classification (CC)
Suppress in OPAC No
Classification part X:328 R5
Holdings
Withdrawn status Lost status Source of classification or shelving scheme Damaged status Not for loan Home library Current library Date acquired Source of acquisition Cost, normal purchase price Inventory number Total Checkouts Full call number Barcode Date last seen Cost, replacement price Price effective from Koha item type
    Colon Classification (CC)     Central Library Central Library 2025-10-09 58/ Segment Book Distributors 3822.41 70811 & 2025-10-01   X:328 R5 CL1923786 2025-10-09 4778.01 2025-10-09 Textbook
Copyright @ Delhi University Library System